| 000 | 02063 a2200409 4500 | ||
|---|---|---|---|
| 001 | 23825528 | ||
| 003 | 0000 | ||
| 005 | 20260407160705.0 | ||
| 008 | 240814t20252025flu b 001 0 eng | ||
| 010 | _a 2024038108 | ||
| 020 | _a9781032871141 | ||
| 020 | _a9781032871820 | ||
| 020 | _z9781003531302 | ||
| 035 | _a23825528 | ||
| 040 |
_aDLC _beng _erda _cDLC |
||
| 042 | _apcc | ||
| 050 | 0 | 0 |
_aGA105.3 _b.P47 2025 |
| 082 | 0 | 0 |
_a526.0285 _223/eng/20241015 |
| 100 | 1 |
_aPeterson, Gretchen N., _eauthor. |
|
| 245 | 1 | 0 |
_aGIS cartography : _ba guide to effective map design / _cGretchen Peterson. |
| 250 | _aFourth edition. | ||
| 263 | _a2502 | ||
| 264 | 1 |
_aBoca Raton, FL ; _aAbingdon, Oxon : _bCRC Press, _c2025. |
|
| 264 | 4 | _c♭2025 | |
| 300 |
_axvii, 355p.: _bill.: |
||
| 336 |
_atext _btxt _2rdacontent |
||
| 337 |
_aunmediated _bn _2rdamedia |
||
| 338 |
_avolume _bnc _2rdacarrier |
||
| 504 | _aIncludes bibliographical references and index. | ||
| 520 |
_a"The fourth edition of this well-established introductory cartography textbook is updated to respond to the demand for critical engagement with new technologies, the passion for inclusive design, and for preparing students to build competence in fundamental skills. Written in a friendly style, it is enjoyable to read and includes over 200 figures and maps, explaining everything from layout design to dynamic cartography issues. Additional updates include the role of AI in cartography, placements and best practices for digital map elements, global labeling techniques including language support, hybrid map styling, multiscale map testing, and information on 4D mapping"-- _cProvided by publisher. |
||
| 650 | 0 | _aCartography. | |
| 650 | 0 | _aGeographic information systems. | |
| 776 | 0 | 8 |
_iOnline version: _aPeterson, Gretchen N. _tGIS cartography _bFourth edition. _dBoca Raton, FL : CRC Press, Taylor & Francis Group, 2025 _z9781003531302 _w(DLC) 2024038109 |
| 906 |
_a7 _bcbc _corignew _d1 _eecip _f20 _gy-gencatlg |
||
| 942 |
_2lcc _cBK |
||
| 999 |
_c44281 _d44281 |
||